Statistics for Nascar Nicknames

Click here to take the quiz!

General Stats

  • This quiz has been taken 2,232 times
  • The average score is 16 of 28

Answer Stats

HintAnswer% Correct
The KingRichard Petty
96%
The IntimidatorDale Earnhardt Sr.
89%
SmokeTony Stewart
87%
RowdyKyle Busch
82%
Five TimeJimmie Johnson
81%
Cousin CarlCarl Edwards
79%
Wonder BoyJeff Gordon
76%
Texas TerryTerry Labonte
75%
Awesome Bill from DawsonvilleBill Elliott
71%
Da BifGreg Biffle
71%
June BugDale Earnhardt Jr.
69%
Swervin' IrvanErnie Irvan
65%
FireballEdward Glenn Roberts
64%
Front Row JoeJoe Nemechek
60%
Mr. Where Did He Come FromKevin Harvick
60%
Rocket ManRyan Newman
55%
Sliced BreadJoey Logano
53%
JawsDarrell Waltrip
52%
The DingerA.J. Allmendinger
51%
The Silver FoxDavid Pearson
44%
The Tasmanian DevilMarcos Ambrose
35%
Mr. ExcitementJimmy Spencer
34%
The KidMark Martin
34%
RubberheadRusty Wallace
29%
The OnionTodd Bodine
25%
Mr. SeptemberHarry Gant
23%
LeadfootBuddy Baker
9%
The WoodchopperGlen Wood
9%

Score Distribution

Percentile by Number Answered

Percent of People with Each Score

Your Score History

You have not taken this quiz